| 000 | 00400nam a22001217a 4500 | ||
|---|---|---|---|
| 082 | _a570 | ||
| 100 |
_aSharma , Vipin Kumar _982601 |
||
| 245 | _aOBJECTIVE NCERT PUNCH BOOK FOR NTA NEET 2025 4500 NTA like MCQs extracted from NCERT line by line NEET 2024 SOLVED PAPER INCLUDED BIOLOGY | ||
| 250 | _a3RD | ||
| 260 |
_aDelhi _bphycics wallah publication _c2024 |
||
| 650 |
_abiology _91078 |
||
| 942 | _cBK | ||
| 999 |
_c67237 _d67237 |
||